[Event "AUTO-BEG-666"]
[Site "http://www.queenalice.com/game.php?id=1586371"]
[Date "2019.10.9"]
[Round "1"]
[White "gillou77"]
[Black "dazzeechain"]
[Result "0-1"]
[WhiteElo "1227"]
[BlackElo "1909"]

1. e4 e5 2. Nc3 Nf6 3. Nf3 Nc6 4. Bb5 a6 5. Bxc6 dxc6 6. d4 exd4 7. Nxd4 c5 8.
Nf3 Qxd1+ 9. Nxd1 Nxe4 10. O-O Be7 11. Ne5 f6 12. Nc4 b5 13. Nde3 bxc4 14. Nxc4
O-O 15. Na5 Bd7 16. Re1 f5 17. Nb7 Bc6 18. Na5 Bb5 19. Nb7 Bd6 20. Be3 Rae8 21.
a4 Bc6 22. f3 Bxb7 23. g4 Nf6 24. g5 Nd5 25. Rad1 Nxe3 26. Rd2 Nc4 27. Rg2 Rxe1+
28. Kf2 Rfe8 29. g6 R1e2+ 0-1

[Event "AUTO-BEG-666"]
[Site "http://www.queenalice.com/game.php?id=1586372"]
[Date "2019.10.9"]
[Round "1"]
[White "dazzeechain"]
[Black "gillou77"]
[Result "1-0"]
[WhiteElo "1849"]
[BlackElo "1229"]

1. e4 d5 2. exd5 Qxd5 3. Nc3 Qe6+ 4. Nge2 Nf6 5. d4 Nc6 6. g3 Qd6 7. Bg2 e5 8.
dxe5 Qxe5 9. Bf4 Qf5 10. O-O Bc5 11. Bxc7 a5 12. Bxc6+ bxc6 13. Bd6 Ng4 14. Bxc5
Qxc5 15. Qd4 Qe5 16. Qxe5+ 1-0

[Event "Site's Suggest Opponents"]
[Site "http://www.queenalice.com/game.php?id=1598895"]
[Date "2020.2.9"]
[Round "-"]
[White "BobFish"]
[Black "gillou77"]
[Result "0-1"]
[WhiteElo "1581"]
[BlackElo "1250"]

1. g3 d5 2. Nf3 Nf6 3. d4 Nc6 4. Bg2 Bg4 5. Ne5 h5 6. O-O e6 7. c4 Ne4 8. Nxc6
bxc6 9. f3 f5 10. fxe4 dxe4 11. h3 a5 12. hxg4 hxg4 13. Be3 Bb4 14. Qa4 O-O 15.
Qxc6 Qe8 16. Qxc7 Qc8 17. Qxc8 Raxc8 18. c5 a4 19. Rc1 a3 20. Nxa3 Bxa3 21. bxa3
g6 22. Rab1 Rb8 23. a4 Ra8 0-1

[Event "Cambodge-2"]
[Site "http://www.queenalice.com/game.php?id=1615106"]
[Date "2020.6.4"]
[Round "2"]
[White "din4"]
[Black "gillou77"]
[Result "1-0"]
[WhiteElo "1591"]
[BlackElo "1279"]

1. d4 Nc6 2. e4 Nf6 3. f3 d5 4. e5 Nxd4 5. exf6 e5 6. c3 gxf6 7. cxd4 Bb4+ 8.
Nc3 exd4 9. Qa4+ Bd7 10. Qxb4 h5 11. Qxd4 c6 12. Bg5 O-O 13. Bxf6 1-0

[Event "AUTO-BEG-675"]
[Site "http://www.queenalice.com/game.php?id=1645280"]
[Date "2021.3.1"]
[Round "1"]
[White "playagain"]
[Black "gillou77"]
[Result "1-0"]
[WhiteElo "1438"]
[BlackElo "1302"]

1. e4 d5 2. exd5 Qxd5 3. Nc3 Qe6+ 4. Nge2 Nf6 5. g3 Nc6 6. Bg2 Qd6 7. d4 e5 8.
Be3 h5 9. dxe5 Qxe5 10. O-O Bg4 11. a3 a5 12. Qd2 b6 13. Bf4 Qf5 14. Bxc6+ Nd7
15. Bxd7+ Qxd7 16. Nd4 O-O-O 17. Qe2 Bxe2 18. Ndxe2 c6 19. Rfd1 Qc7 20. Bxc7
Kxc7 21. Rdc1 Rd2 22. Nf4 Bc5 23. Ne4 Rd4 24. Re1 b5 25. Nxc5 Kd6 26. Nb3 Ra4
27. Rad1+ Kc7 28. Re7+ Kb6 29. Rdd7 g5 30. Rb7+ Ka6 31. Nc5# 1-0

[Event "AUTO-BEG-675"]
[Site "http://www.queenalice.com/game.php?id=1645281"]
[Date "2021.3.1"]
[Round "1"]
[White "gillou77"]
[Black "playagain"]
[Result "0-1"]
[WhiteElo "1314"]
[BlackElo "1415"]

1. e4 e5 2. d4 exd4 3. Qxd4 Nc6 4. Qc3 g6 5. Nf3 Nf6 6. Nbd2 Bg7 7. Nc4 O-O 8.
h4 d5 9. exd5 Nxd5 10. a4 Bxc3+ 11. bxc3 Nxc3 12. Ra3 Nd5 13. a5 Qf6 14. c3 a6
15. Bg5 Qf5 16. g3 Qxf3 17. Rg1 Qe4+ 18. Be2 Qb1+ 19. Bd1 Re8+ 20. Kf1 Bh3+ 21.
Rg2 Qxd1# 0-1

[Event "Challenge"]
[Site "http://www.queenalice.com/game.php?id=1648488"]
[Date "2021.4.2"]
[Round "-"]
[White "gillou77"]
[Black "Belle1996"]
[Result "1-0"]
[WhiteElo "1270"]
[BlackElo "976"]

1. e4 e5 2. d4 exd4 3. Qxd4 Nf6 4. e5 Nc6 5. Qd3 Ng8 6. Nc3 d6 7. exd6 cxd6 8.
Nf3 Nf6 9. Bg5 Be7 10. a4 O-O 11. b4 h6 12. Bh4 Be6 13. O-O-O a6 14. g3 d5 15.
g4 Bxg4 16. Be2 Qd6 17. a5 d4 18. Ne4 Ne5 19. Nxe5 Nd5 20. Nxd6 Bxd6 21. Bxg4
Bxe5 22. Qe4 Rae8 23. Qxd5 Bf4+ 24. Kb2 Bd2 25. Rxd2 b6 26. axb6 Rb8 27. Qxd4 f6
28. Be6+ Kh7 29. Bf5+ Kg8 30. Bxf6 gxf6 31. Rg1+ Kf7 32. Qd7# 1-0

[Event "Challenge"]
[Site "http://www.queenalice.com/game.php?id=1758636"]
[Date "2021.5.4"]
[Round "-"]
[White "Belle1996"]
[Black "gillou77"]
[Result "0-1"]
[WhiteElo "962"]
[BlackElo "1274"]

1. e4 e5 2. Nf3 Nc6 3. Bd3 d5 4. Bb5 d4 5. O-O a6 6. d3 axb5 7. Bg5 f6 8. Bh4
Bg4 9. Qe2 g5 10. Nbd2 Bb4 11. Bg3 Nh6 12. a3 Bxd2 13. Qxd2 b6 14. Rae1 Bxf3 15.
gxf3 Qd6 16. h4 b4 17. axb4 Nxb4 18. f4 exf4 19. c3 dxc3 20. Qxc3 Nxd3 21. Qxd3
Qxd3 22. f3 O-O 23. Rf2 Ng4 24. Bh2 Nxf2 25. Kxf2 gxh4 26. Rg1+ Kh8 27. Bxf4 Rg8
28. Rg4 Qc2+ 29. Ke3 Rgd8 30. Rxh4 Rd3# 0-1